Statistics for List of ALL NBA Cities Played In

Click here to take the quiz!

General Stats

  • This quiz has been taken 601 times
  • The average score is 29 of 48

Answer Stats

City% Correct
New York
92%
Los Angeles
91%
Boston
86%
Dallas
86%
Miami
86%
Houston
84%
Atlanta
82%
Chicago
82%
Orlando
82%
San Antonio
81%
Washington DC
80%
Detroit
79%
Toronto
79%
Denver
78%
New Orleans
78%
Philadelphia
78%
Charlotte
77%
Cleveland
77%
Portland
77%
Sacramento
76%
Seattle
76%
Memphis
75%
Phoenix
73%
Oklahoma City
72%
Milwaukee
71%
San Francisco
71%
Minneapolis
67%
Salt Lake City
65%
Indianapolis
64%
Vancouver
62%
Oakland
56%
Jersey City
53%
San Diego
53%
Baltimore
50%
St Louis
50%
Kansas City
44%
Buffalo
40%
Cincinnati
37%
Pittsburgh
32%
Syracuse
28%
Rochester
26%
Fort Wayne
22%
Omaha
16%
Providence
15%
Moline (Tri Cities)
5%
Anderson
3%
Waterloo
3%
Sheboygan
2%

Score Distribution

Percentile by Number Answered

Percent of People with Each Score

Your Score History

You have not taken this quiz